Statistics for All royal Rumble Entrants

Click here to take the quiz!

General Stats

  • This quiz has been taken 1,465 times
  • The average score is 181 of 343

Answer Stats

Year/s Wrestler % Correct
1996Isaac Yankem
92%
1999, 2000, 2001, 2002, 2003, 2004, 2005, 2006, 2007, 2008, 2009, 2010, 2011, 2013, 2014, 2015Kane
92%
1996, 1997, 1999, 2002, 2006, 2008, 2009, 2010Triple H
90%
1991, 1992, 1993, 1997, 2001, 2002, 2003, 2007, 2008, 2009The Undertaker
90%
2003, 2004, 2005, 2008, 2010, 2011, 2013John Cena
89%
1998, 2000, 2001The Rock
89%
1989, 1990, 1992, 1994, 1995, 1996, 2003, 2005, 2006, 2007, 2008, 2010Shawn Michaels
89%
1989, 1990, 1991, 1992Hulk Hogan
89%
2004, 2006, 2007, 2009, 2011, 2012, 2013Randy Orton
86%
1988, 1990, 1991, 1994, 1997Bret Hart
86%
2000, 2001, 2002, 2004, 2006, 2009, 2010, 2011, 2012, 2015Big Show
85%
1992, 1993, 2005, 2006, 2007Ric Flair
84%
1999, 2000, 2003, 2005, 2007, 2010Edge
84%
2003, 2005, 2006, 2009, 2011, 2013, 2014Rey Mysterio
82%
1997, 1998, 1999, 2001, 2002Stone Cold Steve Austin
82%
2000, 2004, 2005, 2009, 2010, 2012, 2013Chris Jericho
82%
2003, 2005, 2008, 2010, 2014Batista
81%
1994, 1996, 1997, 2011Diesel
81%
2014Kevin Nash
80%
2014, 2015Roman Reigns
80%
1993, 1994, 1995, 1996, 1997, 1998, 1999Owen Hart
79%
1997, 1998Mankind
79%
2007, 2008, 2009, 2010, 2012, 2013, 2014, 2015The Miz
79%
2004, 2005, 2006, 2007Chris Benoit
79%
2000, 2002, 2003, 2004, 2005Christian
79%
2007, 2008, 2009, 2010, 2011, 2014CM Punk
79%
2014Seth Rollins
79%
2001, 2002, 2003, 2007Jeff Hardy
78%
2014, 2015Dean Ambrose
77%
2001, 2002, 2003, 2004, 2006, 2007, 2010Matt Hardy
77%
1989, 1990, 1991, 1992, 1993, 1994Randy Savage
77%
2003Brock Lesnar
76%
2002, 2004, 2005Kurt Angle
76%
2000, 2001, 2002, 2004, 2014JBL
75%
1997, 1998, 1999, 2002, 2003, 2006, 2009, 2013, 2014, 2015Goldust
75%
1999, 2000Chyna
75%
1988, 1991, 1992, 2009, 2012Jim Duggan
74%
1998, 1999, 2004, 2008, 2009, 2010, 2011Mark Henry
74%
1998Cactus Jack
74%
1989, 1990André the Giant
74%
1998Dude Love
74%
2014, 2015Big E Langston
74%
1993, 1996Yokozuna
74%
2009, 2010, 2011, 2012, 2013, 2014, 2015Dolph Ziggler
73%
2011, 2013, 2015Daniel Bryan
73%
2015Stardust
73%
2003, 2005Eddie Guerrero
72%
2015Bray Wyatt
72%
1999, 2000X-Pac
71%
2002, 2003, 2004, 2005, 2006, 2007, 2011, 2012Booker T
71%
2003, 2004A-Train
71%
1994, 1995, 1999, 2000, 2001, 2002, 2004Billy Gunn
71%
2009, 2010, 2011, 2012, 2013, 2014, 2015Kofi Kingston
70%
1989, 1992, 1993, 2009, 2010, 2011Ted DiBiase
70%
1988, 1990Ultimate Warrior
70%
1993, 1996, 1997, 2012Jerry Lawler
69%
2011, 2012, 2013, 2014Sheamus
69%
2008, 2009, 2010, 2012, 2013, 2014Cody Rhodes
69%
2000Prince Albert
69%
2001, 2002Albert
68%
2004, 2008, 2012Mick Foley
68%
1997Razor Ramon
68%
2008Big Daddy V
67%
2000, 2005, 2006, 2007Viscera
67%
1999, 2000, 2012Road Dogg
67%
1994, 1995, 1996 1999Mabel
67%
1989, 1990, 1991, 1993, 2002Mr. Perfect
67%
2007, 2008, 2009, 2010, 2011, 2012, 2013, 2014The Great Khali
66%
2015Bubba Ray Dudley
66%
1994, 1995Mo
65%
1988,1989, 1990, 1991, 1992, 1996, 1997Jake Roberts
65%
2011, 2012, 2013Wade Barrett
65%
1994, 1995Lex Luger
65%
1999Mr. McMahon
65%
1989, 1990Ax
65%
2015Bad News Barrett
65%
2000, 2001, 2002, 2003, 2004Rikishi
65%
2011, 2014Alberto Del Rio
65%
2003, 2006, 2007, 2008, 2011Chavo Guerrero
64%
2004Goldberg
64%
1999, 2000, 2001, 2002, 2013The Godfather
64%
1992, 1995, 1996, 1997, 2000British Bulldog
64%
2002, 2003, 2004, 2006, 2007, 2009Rob Van Dam
64%
1989, 1990, 1991Smash
63%
1989, 1992, 1999, 2000, 2002Big Boss Man
63%
1989Big John Studd
63%
2001K-Kwik
63%
1990, 1992, 2008Roddy Piper
62%
2010Beth Phoenix
62%
1997, 1998, 2000, 2001, 2002Farooq
61%
2008, 2009, 2011, 2012, 2013Santino Marella
61%
2009, 2010, 2011, 2012, 2014, 2015R-Truth
61%
1988, 1990, 1991Jim Neidhart
61%
1991Animal
61%
2014, 2015Luke Harper
60%
2011, 2013Heath Slater
60%
1999, 2000, 2001, 2002, 2003Test
60%
1991Hawk
60%
1990Dusty Rhodes
60%
1990, 1991, 1992, 2008Jimmy Snuka
60%
1990, 1991, 1993Earthquake
59%
1994Sparky Plugg
58%
1990Rick Rude
58%
1989, 1990, 1998, 2001The Honky Tonk Man
58%
2000, 2001, 2005, 2007, 2008Hardcore Holly
58%
2006, 2007, 2008, 2009, 2010Carlito
57%
2008, 2009, 2010, 2011John Morrison
57%
1991, 1994, 1995, 1997Crush
57%
2003, 2007, 2008Tommy Dreamer
56%
2000, 2001Crash Holly
56%
2003, 2004, 2005, 2006, 2007, 2008, 2009, 2010Shelton Benjamin
56%
1996, 1997, 1998Vader
56%
1992Sgt. Slaughter
56%
2003Jamal
56%
2013, 2015Sin Cara
56%
2012Hunico
56%
1990, 1991, 1992, 2001Haku
56%
1988,1989, 1990, 1991, 1992, 1993Tito Santana
56%
2013, 2014, 2015Cesaro
55%
1993, 1994, 1995, 1996, 2000Bob Backlund
55%
1989, 1990, 1991, 1992, 1993, 1994, 1995Rick Martel
55%
2013, 2014, 2015Ryback
55%
1998, 1999, 2000D'Lo Brown
55%
1994, 1998, 1999Jeff Jarrett
54%
2002, 2004, 2005The Hurricane
54%
2000, 2001, 2002, 2005Scotty 2 Hotty
54%
2001, 2009, 2011William Regal
54%
2014, 2015Rusev
54%
2008Umaga
54%
2004Rhyno
54%
1999, 2000, 2001, 2002Al Snow
54%
1994, 1995, 1997Bart Gunn
54%
2001Raven
54%
2014Erick Rowan
54%
2010, 2011, 2013, 2015Zack Ryder
53%
2011Michael McGillicutty
53%
2004Spike Dudley
53%
2012Michael Cole
53%
1999, 2000Gangrel
53%
2010, 2011, 2012, 2014, 2015Jack Swagger
53%
2012Kharma
53%
2002, 2015Diamond Dallas Page
53%
1988Junkyard Dog
53%
2007, 2008, 2009Finlay
53%
1998, 1999, 2000, 2001Steve Blackman
53%
1999, 2000, 2001, 2002Val Venis
53%
2001, 2002Perry Saturn
53%
1998, 1999Ken Shamrock
52%
1994, 2004Scott Steiner
52%
1989, 1990, 1994, 1996Marty Jannetty
52%
1998Kama Mustafa
52%
1996, 1998Kama
52%
1995King Kong Bundy
52%
2011Justin Gabriel
52%
2007Sabu
52%
1992, 1993, 1994Virgil
52%
2015Curtis Axel
52%
2003, 2004, 2005Charlie Haas
52%
1989, 1991, 1992, 1994Greg Valentine
51%
2008, 2011Hornswoggle
51%
2002, 2003Maven
51%
2012Primo
51%
1993Typhoon
51%
1994Doink The Clown
51%
1989Arn Anderson
51%
2001Tazz
50%
1989, 1990, 1991, 1992The Warlord
50%
2007, 2009, 2010MVP
50%
2000, 2001Grand Master Sexay
50%
1989,1990, 1993Koko B. Ware
50%
1997, 1998Ahmed Johnson
50%
2015Adam Rose
50%
2011, 2012, 2013David Otunga
49%
1989, 1990Bad News Brown
49%
1997Terry Funk
49%
2001Drew Carey
49%
2014Jimmy Uso
49%
1992Sid Justice
48%
2011, 2015Tyson Kidd
48%
2012, 2014Jey Uso
48%
1988One Man Gang
48%
19961-2-3 Kid
48%
1993, 1994, 1996, 2006Tatanka
48%
1989Brutus Beefcake
48%
2006Bobby Lashley
48%
1994Rick Steiner
47%
1996Bob Holly
47%
1993Papa Shango
47%
1989, 1990Akeem
47%
2010, 2011, 2013Drew Mcintyre
47%
2012Epico
47%
1989, 1991, 1995Bushwhacker Luke
47%
1988, 1990, 1991Dino Bravo
47%
2013, 2015Titus O'Neil
47%
2002, 2008Chuck
46%
2013Bo Dallas
46%
1998, 2000Mosh
46%
2003, 2004Tajiri
46%
1989, 1990, 1992The Barbarian
46%
1991Tugboat
46%
2015Damien Mizdow
46%
1989, 1990, 1991, 1992Hercules
46%
2013Darren Young
46%
2006Joey Mercury
46%
1993, 1994, 1995, 1996Fatu
46%
1988Harley Race
46%
2005Paul London
46%
2008Mr. Kennedy
45%
1996, 1997, 1998Savio Vega
45%
2006, 2007, 2010, 2011Chris Masters
45%
2002Lance Storm
45%
1991Paul Roma
45%
2015The Boogeyman
45%
1999Gillberg
45%
1988, 1992Nikolai Volkoff
44%
1989, 1991, 1995Bushwhacker Butch
44%
1988Hillbilly Jim
44%
2010Evan Bourne
44%
1997, 1998Marc Mero
44%
1988Don Muraco
44%
2005Luther Reigns
44%
2012, 2013Jinder Mahal
44%
2013, 2014Damien Sandow
44%
1992, 1993Repo man
44%
1998Thrasher
44%
2007The Sandman
44%
2014, 2015Fandango
43%
1999Droz
43%
1989Tully Blanchard
43%
1991Davey Boy Smith
43%
2006, 2007Johnny Nitro
43%
2005, 2006Simon Dean
43%
1993, 1994Samu
43%
1998Chainsaw Charlie
42%
2001Bull Buchanan
42%
1994Bam Bam Bigelow
42%
2009, 2011Vladimir Kozlov
42%
2004, 2005René Duprée
42%
2009, 2010, 2011JTG
42%
2011, 2012Ezekiel Jackson
42%
2011Mason Ryan
42%
2011Husky Harris
42%
1991Shane Douglas
41%
2003Rosey
41%
1991, 1992The Texas Tornado
41%
1992, 1993Skinner
41%
2006, 2007Super Crazy
41%
2008Jamie Noble
41%
1992, 1993Irwin R. Schyster
41%
1988, 1989Ron Bass
41%
1994, 1995Adam Bomb
41%
1997Mil Máscaras
40%
1995, 1996, 1997, 1998Henry O. Godwinn
40%
2007Gregory Helms
40%
1988Jim Brunzell
40%
1992, 1993The Berzerker
40%
1988Butch Reed
40%
1999Dan Severn
40%
2009The Brian Kendrick
40%
2005, 2008Snitsky
40%
2011, 2012Alex Riley
40%
2006Eugene
40%
2005, 2006Orlando Jordan
40%
1998Kurrgan
40%
1997The Sultan
39%
2014El Torito
39%
2005Daniel Puder
39%
1995Duke Droese
39%
1988Danny Davis
39%
1999Golga
39%
1989Ronnie Garvin
39%
1998Chainz
39%
1998Skull
39%
19988-Ball
39%
2004Nunzio
39%
2006Road Warrior Animal
39%
1997, 1998Phineas I. Godwinn
39%
2006Psicosis
39%
1989, 1990The Red Rooster
39%
1993Max Moon
39%
1988B. Brian Blair
39%
1991, 1993Brian Knobbs
39%
2005, 2006Jonathan Coachman
38%
1997Jesse James
38%
2010, 2011Yoshi Tatsu
38%
1995, 1996Aldo Montoya
38%
1998Blackjack Bradshaw
38%
1993Terry Taylor
38%
1996The Ringmaster
38%
1995Eli Blu
38%
1996Dory Funk Jr.
38%
1997Rocky Maivia
38%
2004Matt Morgan
38%
2004Rico
38%
1995Jacob Blu
38%
1992Colonel Mustafa
38%
2013Brodus Clay
38%
1988Boris Zhukov
38%
1988Sam Houston
38%
1995Mantaur
38%
1992, 1993Jerry Sags
38%
1999The Blue Meanie
38%
1993Carlos Colón
38%
1994Bastion Booger
37%
2003
37%
2006Sylvan
37%
1997Flash Funk
37%
1996Hakushi
37%
1991Saba Simba
37%
1994, 1995Kwang
37%
2007Kenny Dykstra
37%
1999Tiger Ali Singh
36%
2006Trevor Murdoch
36%
1995Steven Dunn
36%
1996Barry Horowitz
36%
1994The Great Kabuki
36%
1997Cibernético
36%
1998Tom Brandi
36%
2005Mark Jindrak
36%
2005Muhammad Hassan
36%
1997Pierroth
36%
2003Bill Demott
36%
1995Timothy Well
36%
2003Christopher Nowinski
36%
2007Kevin Thorn
36%
1997Latin Lover
36%
2005Kenzo Suzuki
35%
1995Sione
35%
2012Ricardo Rodriguez
35%
1996Squat Team #1
35%
2013Tensai
35%
1995Dick Murdoch
35%
1995Tom Prichard
35%
2008Elijah Burke
35%
1993, 1994Genichiro Tenryu
35%
1996Squat Team #2
35%
1995Jimmy Del Rey
35%
2004Ernest Miller
35%
1996Doug Gilbert
35%
1993Damien Demento
35%
1996Takao Ōmori
34%
2011Tyler Reks
34%
2009Mixe Knox
31%

Score Distribution

Percentile by Number Answered

Percent of People with Each Score

Your Score History

You have not taken this quiz